000 00203nam a2200085 4500
001 1257756
005 20260219100126.0
245 _aDENİZE DÜŞEN DENİZKIZI
_cÇİĞDEM GÜNDEŞ
260 _bTUDEM YAYINLARI
999 _c1257756
_d1257756